000 00534nam a2200217Ia 4500
003 OSt
005 20220928141725.0
006 a|||||r|||| 00| 0
007 ta
008 220927b |||||||| |||| 00| 0 eng d
024 _a17173
037 _cTextual
040 _aSDCL
_cSDCL
_beng
041 _2eng
_aeng
082 _aB335, L5
100 _aHawkins Thomas
_9493694
245 0 _aLebescue's theory of integration.
260 _c1975
942 _hB335, L5
_cTEXL
_2CC
999 _c819495
_d819495